000 00435nam a2200181Ia 4500
001 18358
005 20260306171624.0
008 260306s9999||||xx |||||||||||||| ||und||
041 _aESP
082 _a658.4034
_bH54 2010
100 _aHillier, Frederick S.
_eAUT
245 0 _aIntroducción a la investigación de operaciones
260 _c2010
300 _a
_c
650 _aGEN
654 _aCAN
942 _cLIB
_dJUS
_fJUS
_2ddc
_n
999 _c18358
_d18358